Größte Städte am Neckar - Statistiken

Allgemein
  • Dieses Quiz wurde 128 mal gespielt
  • Das Durchschnittsergebnis liegt bei 10 aus 20
Antwortstatistiken
Einwohner Kreis Stadt % Korrekt
635.911 kreisfrei Stuttgart
97%
161.485 kreisfrei Heidelberg
90%
310.658 kreisfrei Mannheim
88%
126.592 kreisfrei Heilbronn
82%
93.584 Ludwigsburg Ludwigsburg
70%
94.145 Esslingen Esslingen am Neckar
69%
115.865 Reutlingen Reutlingen
69%
91.506 Tübingen Tübingen
69%
85.707 Schwarzwald-Baar-Kreis Villingen-Schwenningen
52%
26.528 Heilbronn Neckarsulm
46%
41.223 Esslingen Nürtingen
36%
25.082 Freudenstadt Horb am Neckar
35%
43.843 Tübingen Rottenburg am Neckar
34%
25.182 Rottweil Rottweil
32%
23.497 Neckar-Odenwald-Kreis Mosbach
28%
15.924 Ludwigsburg Freiberg am Neckar
18%
16.227 Esslingen Wendlingen
18%
19.349 Heilbronn Bad Friedrichshall
15%
21.557 Heilbronn Bad Rappenau
14%
26.539 Ludwigsburg Remseck am Neckar
12%
Keine übereinstimmenden Quizze gefunden
Verteilung der Resultate
Anzahl Personen mit jedem Resultat
Perzentil nach korrekt beantworteten Fragen
Ihre Resultats-Entwicklung
Sie haben dieses Quiz noch nicht gespielt